000
00194 a2200097 4500
001
911
100
_a
Hund,A
245
_a
Freqrecncy modulation
260
_a
_b
Mcgrawhill
_c
090
_c
501
_d
501
942
_a
NUST-CAE
_c
M
_c
31390
999
_c
235984
_d
235984